000 00376 a2200169 4500
001 57200
020 _a8526247662
040 _cAnchieta - Pituba
100 _aMachado, Ana Maria
240 1 0 _aAs viagens de Marco Polo
_lpor
245 1 0 _aAs viagens de Marco Polo
300 _a118
362 0 _a2003
440 1 _aScipione
650 4 _aLiteratura juvenil
942 _cBK
999 _c57200
_d57200